00658 a2200217 45000050016000000080041000160100014000570200018000710200023000890350013001120370015001250820017001401000018001572450082001752600049002572700044003063000030003505000020003807000018004007000022004182008082601221.0080826t xxu||||| |||| 00| 0 eng d aENG-87190 a9780070660007 a007066000Xc225.00 aEN-70723 bDBAD / PUB a381.41091734 aDogra, Balram aRural Marketingbconcepts and practicescby Balram Dogra and Karminder Ghuman aNew DelhibTata McGraw-Hill Publishingc2008 a7, West Patel NagarbNew Delhie110 008 axiv, 352 p.c24 cm (pbk) aincludes index aDogra, Balram aGhuman, Karminder